00223nam a2200085Ia 4500008004100000082002000041100001700061245005100078300000800129210430s9999 xx 000 0 und d a954.9105 M6711Z aJabbar Mirza aZia Daur Fazal Haq ki Nazar MaincJabbar Mirza a196